LEADER 00952nam a2200253 i 4500 001 000000077412 003 CaOOAMICUS 005 20241205135922.0 008 070130s2006 it u000 u ita u 013 $a48584 020 $a88-514-0355-4 040 $aSeMil$bita 100 1 $aRoyal, Robert.$0(OLS)http://semarc/name/30953 245 10$aStoria delle Guardie Svizzere /$cRobert Royal. 260 $aMilano :$bĀncora,$ccopyr. 2006. 300 $a219 p. ;$c22 cm. 650 4$aGuardia Svizzera Pontificia - Storia.$0(OLS)http://semarc/subject/15801 850 $aSeMil 852 $aSeMil$W1$xVenegono$y1$m3A III 26$j43564$B43564$CSeMilBibl$Z2$F42986 $81 961 $aAcquisto: Cittā Nuova (Agente) 996 $6020$a88-514-0355-4$9(OLS)http://semarc/number/59075 996 $6245$aStoria delle Guardie Svizzere$9(OLS)http://semarc/title/125709 996 $6260$aMilano :$bĀncora$9(OLS)http://semarc/publisher/29763 LEADER 00819nam a2200217 i 4500 001 000000186166 003 CaOOAMICUS 005 20100222000000.0 008 100222n it u000 u ita u 013 $a164212 040 $aSeMil$bita 100 1 $aPerardi, Giuseppe.$0(OLS)http://semarc/name/10256 245 12$aL'Orazione, Il "Pater", L'"Ave Maria". 300 $a400 p. 650 4$aCatechismo della Chiesa Cattolica.$0(OLS)http://semarc/subject/12084 773 0 $aPerardi, Giuseppe$tDottrina cattolica.$dTorino : LICE-Berruti & C., 1929.$w()22964 773 0 $tGrazia.$gVol.3$w()22975 850 $aSeMil 852 $aSeMil$W1$xVenegono$y1$m3F V 717$j136853$B136853$CSeMilBibl$Z2$F148396 $81 961 $aOmaggio: Deposito 996 $6245$aL'Orazione, Il "Pater", L'"Ave Maria"$9(OLS)http://semarc/title/267564